Razonar y conocer. Aportes a la comprensión de la racionalidad matemática de los alumnos.

I tiakina i:
Ngā taipitopito rārangi puna kōrero
Kaituhi matua: Panizza, Mabel (autora)
Hōputu: Pukapuka
I whakaputaina: Buenos Aires, Argentina: Libros del Zorzal, 2005.
Putanga:1a.ed.
Rangatū:Formación Docente, Matemática; 4
Ngā marau:
Ngā Tūtohu: Tāpirihia he Tūtohu
Kāore He Tūtohu, Me noho koe te mea tuatahi ki te tūtohu i tēnei pūkete!

MARC

LEADER 00000nam a22000007a 4500
003 CL-VaPUC
005 20240924155806.0
008 240905t2005 ||||| |||| 00| 0 eng d
999 |c 444624  |d 444622 
020 |a 987-1081-73-1 
040 |c Pontificia Universidad Católica de Valparaíso 
082 |2 22  |a 510.712 PAN 2005 
100 |a Panizza, Mabel   |e autora  |9 891057 
245 |a Razonar y conocer.  |b  Aportes a la comprensión de la racionalidad matemática de los alumnos.  
250 |a 1a.ed. 
260 |a Buenos Aires, Argentina:  |b Libros del Zorzal,   |c 2005. 
300 |a 126 páginas.  
490 |a Formación Docente,  |a Matemática;   |v 4 
500 |a c.1 Donación Sr. Carlos Cabezas / MEMO 4/24 Biblioteca de Matemáticas.  
583 |k GC  |c 20220413 
650 0 |9 260235  |a Matemática  |x Razonamiento, lógica, etc.   |x Enseñanza media  
650 0 |9 259567  |a Álgebra  |x Pensamiento matemático   |x Estudiantes  
942 |2 ddc  |c BK 
952 |0 0  |1 0  |2 ddc  |4 0  |6 510_712000000000000_PAN_2005  |7 0  |8 A  |9 596622  |a BIBMAT  |b BIBMAT  |d 2024-09-05  |e Donación   |i 5662629  |o 510.712 PAN 2005  |p 5662629  |r 2025-01-07  |t 1  |w 2024-09-05  |y BK  |k MAT